| 000 | 00698nam a22002297u 4500 | ||
|---|---|---|---|
| 001 | 5945 | ||
| 003 | OSt | ||
| 005 | 20170825104309.0 | ||
| 007 | tu | ||
| 008 | 161220s1998 xxu||||| |||| 00| 0 d | ||
| 024 | 7 |
_a5945 _2RID |
|
| 024 | 7 |
_a5945 _2RSN (alt) |
|
| 040 | _cOSt | ||
| 100 | 1 | _aCaramazza, Francesco | |
| 245 | 0 | 0 |
_aFixed or Flexible? _bGetting the Exchange Rate Right in the 1990s |
| 260 |
_aWashington, D.C. : _bInternational Monetary Fund, _c1998. |
||
| 490 | 0 |
_aEconomic Issues _v13 _x1020-5098 |
|
| 700 | 1 | _aAziz, Jahangir | |
| 710 | 2 | _aInternational Monetary Fund (IMF) | |
| 942 | _cP | ||
| 999 |
_c5645 _d5645 |
||